Loading...
Constuction equipment
| Main Author: | |
|---|---|
| Format: | Printed Book |
| Language: | English |
| Published: |
Reston
Reston Publishing Company
1985
|
| Subjects: |
| LEADER | 00517nam a22001577a 4500 | ||
|---|---|---|---|
| 005 | 20151026130431.0 | ||
| 008 | 100319t xxu||||| |||| 00| 0 eng d | ||
| 080 | |a 624-2/-9 |b RUS | ||
| 100 | |a Russel, James E. |9 11307 | ||
| 245 | |a Constuction equipment | ||
| 260 | |a Reston |b Reston Publishing Company |c 1985 |9 11308 | ||
| 300 | |a viii,247p. | ||
| 653 | |a Construction equipment | ||
| 942 | |c BK |6 _ | ||
| 999 | |c 5289 |d 5289 | ||
| 952 | |0 0 |1 0 |2 udc |4 0 |6 62429_RUS |7 0 |9 16659 |a UL |b UL |d 2010-03-19 |o 624-2/-9 RUS |p 00037700 |r 2010-03-19 |w 2010-03-19 |y BK | ||